|
|
|
|
| LEADER |
00725nam a2200193Ia 4500 |
| 001 |
CTU_27611 |
| 008 |
210402s9999 xx 000 0 und d |
| 082 |
|
|
|a 640
|
| 082 |
|
|
|b F218/N41.10
|
| 100 |
|
|
|a FAO
|
| 245 |
|
0 |
|a FAO food and nutrition paper N41.10
|
| 245 |
|
0 |
|b Monographs prepared by the forty-eighth meeting of the Joint FAO/WHO Expert Commitee on Food Additives,Residues of some veterinary drugs in animals and foods
|
| 245 |
|
0 |
|c FAO,OMS
|
| 260 |
|
|
|a Rome
|
| 260 |
|
|
|b FAO
|
| 260 |
|
|
|c 1998
|
| 650 |
|
|
|a drug residues - analysis,drug therapy - veterinary,food contamination,food industry and trade
|
| 904 |
|
|
|i Nguyễn Quang Điền, 981230
|
| 980 |
|
|
|a Trung tâm Học liệu Trường Đại học Cần Thơ
|